000 00440nam a2200181Ia 4500
001 16774
005 20260306170335.0
008 260306t2012||||xx |||||||||||||| ||und||
041 _aESP
082 _a657
_bB94
100 _aBursón del Rio, José Mª
_eAUT
245 0 _aEjercicios de contabilidad empresarial
260 _c2012
300 _a110 páginas :
_c30 cm.
650 _aGEN
654 _aCCO
942 _cLIB
_dJUS
_fJUS
_2ddc
_n
999 _c16774
_d16774